[Event "DEM U18 2003"]
[Site "Willingen GER"]
[Date "2003.06.10"]
[Round "4"]
[White "Koch, Moritz"]
[Black "Rezasade, Amir"]
[Result "1-0"]
[Termination "normal"]
[Board "11"]
[WhiteElo "2213"]
[BlackElo "2103"]
[PlyCount "59"]
[WhiteFideId "4678460"]
[BlackFideId "4692950"]
[EventCountry "GER"]
[EventRounds "9"]
[EventType "swiss"]
[EventDate "2003.06.07"]

1. e4 c5 2. Nf3 Nc6 3. Nc3 e5 4. Bc4 d6 5. O-O Bg4 6. h3 Bxf3 7. Qxf3 Nf6 8.
Nd5 Nxd5 9. Bxd5 Qe7 10. c3 g6 11. d4 Bg7 12. dxc5 dxc5 13. Bg5 Qc7 14. h4 h6
15. Be3 b6 16. b4 Rb8 17. bxc5 O-O 18. cxb6 axb6 19. Rab1 Na5 20. Rb4 Qxc3 21.
Rfb1 b5 22. a4 Nc6 23. Rxb5 Rxb5 24. axb5 Nd4 25. Qd1 Rb8 26. b6 Qc5 27. b7 Qe7
28. h5 g5 29. Qd3 Kh7 30. Qc4 1-0

[Event "DEM U18 2003"]
[Site "Willingen GER"]
[Date "2003.06.10"]
[Round "4"]
[White "Schnock, Stefan"]
[Black "Holzschuh, Stephan"]
[Result "0-1"]
[Termination "normal"]
[Board "12"]
[WhiteElo "2037"]
[BlackElo "2107"]
[PlyCount "112"]
[WhiteFideId "4696646"]
[BlackFideId "4677471"]
[EventCountry "GER"]
[EventRounds "9"]
[EventType "swiss"]
[EventDate "2003.06.07"]

1. e4 c5 2. Nf3 Nc6 3. Nc3 g6 4. Bb5 Bg7 5. O-O d6 6. e5 d5 7. d4 Bg4 8. dxc5
e6 9. Re1 Qc7 10. h3 Bxf3 11. Qxf3 Nge7 12. Bf4 O-O 13. Bxc6 Nxc6 14. Nb5 Qa5
15. Nd6 Qxc5 16. Nxb7 Qb6 17. Qb3 Qc7 18. Nd6 Rab8 19. Qa3 Rb4 20. Bd2 Rb6 21.
Be3 Rbb8 22. Bf4 Qb6 23. b3 Nb4 24. Rac1 f6 25. Be3 Qc6 26. Qxa7 fxe5 27. Qc5
Rfd8 28. a3 Qxc5 29. Bxc5 Na6 30. Ba7 Rxd6 31. Bxb8 Nxb8 32. Rcd1 Nc6 33. c4
Nd4 34. c5 Rd8 35. Rd3 e4 36. Rxd4 Bxd4 37. b4 Ra8 38. Rd1 e5 39. c6 Rxa3 40.
Rc1 Ra8 41. c7 Rc8 42. Rc6 Kf7 43. b5 e3 44. Kf1 exf2 45. b6 Bxb6 46. Rxb6 Rxc7
47. Kxf2 h5 48. Rd6 d4 49. Kf3 Rc3+ 50. Ke2 g5 51. Rh6 h4 52. Rd6 Ke7 53. Rd5
Ke6 54. Rd8 Kf5 55. Rf8+ Ke4 56. Kd2 Ra3 0-1

[Event "DEM U18 2003"]
[Site "Willingen GER"]
[Date "2003.06.10"]
[Round "4"]
[White "Nazarenus, Moritz"]
[Black "Walter, Stefan"]
[Result "1/2-1/2"]
[Termination "normal"]
[Board "13"]
[WhiteElo "2117"]
[BlackElo "2100"]
[PlyCount "74"]
[WhiteFideId "4670540"]
[BlackFideId "4686608"]
[EventCountry "GER"]
[EventRounds "9"]
[EventType "swiss"]
[EventDate "2003.06.07"]

1. d4 g6 2. e4 Bg7 3. Be3 c5 4. c3 cxd4 5. cxd4 d5 6. exd5 Nf6 7. Bb5+ Nbd7 8.
Nc3 O-O 9. Nf3 Nb6 10. O-O a6 11. Bd3 Nbxd5 12. Bg5 Be6 13. Qe2 Rc8 14. Ne4
Nxe4 15. Bxe4 Re8 16. a3 Qb6 17. Rfd1 Qb5 18. Bd3 Qb3 19. Rac1 h6 20. Rxc8 Rxc8
21. Bc1 Nb6 22. Nd2 Qd5 23. Be4 Qd7 24. Nf3 Bc4 25. Qe3 Bd5 26. Bxd5 Nxd5 27.
Qe2 Qf5 28. Be3 Qc2 29. Rd2 Qc4 30. Kf1 e6 31. Qxc4 Rxc4 32. Ke2 Kf8 33. Kd3
Rc7 34. Rc2 Rxc2 35. Kxc2 Ke7 36. Kd3 Kd6 37. Bd2 Kc6 1/2-1/2

[Event "DEM U18 2003"]
[Site "Willingen GER"]
[Date "2003.06.10"]
[Round "4"]
[White "Pinchuk, Boris"]
[Black "Suchin, Dimitry"]
[Result "1-0"]
[Termination "normal"]
[Board "14"]
[WhiteElo "1961"]
[BlackElo "2043"]
[PlyCount "83"]
[BlackFideId "4671015"]
[EventCountry "GER"]
[EventRounds "9"]
[EventType "swiss"]
[EventDate "2003.06.07"]

1. e4 c5 2. c3 d5 3. exd5 Qxd5 4. d4 e6 5. Nf3 Nf6 6. Be2 Nc6 7. O-O cxd4 8.
cxd4 Be7 9. Nc3 Qd6 10. Be3 O-O 11. Rc1 Rd8 12. Qd2 Nd5 13. Ne4 Qb4 14. Qc2 Bd7
15. Bc4 h6 16. a3 Qa5 17. Rfe1 Rac8 18. Qd3 Be8 19. b4 Qb6 20. Bxd5 exd5 21.
Nc3 Bf6 22. Na4 Qa6 23. Qxa6 bxa6 24. Nc5 Nb8 25. Nb7 Rxc1 26. Bxc1 Kf8 27.
Nxd8 Bxd8 28. Bf4 Nc6 29. Bd6+ Be7 30. Bc5 f6 31. Nh4 Bxc5 32. dxc5 Ne7 33. Nf3
Nc6 34. Re6 a5 35. b5 Nd8 36. Ra6 Bxb5 37. Rxa7 Nc6 38. Rb7 Ba4 39. Kf1 Kg8 40.
Rd7 Bb5+ 41. Ke1 Bc4 42. Rd6 1-0

[Event "DEM U18 2003"]
[Site "Willingen GER"]
[Date "2003.06.10"]
[Round "5"]
[White "Schaffer, Hendrik"]
[Black "Braun, Arik"]
[Result "0-1"]
[Termination "normal"]
[Board "1"]
[WhiteElo "2191"]
[BlackElo "2324"]
[PlyCount "88"]
[WhiteFideId "4663080"]
[BlackFideId "4663527"]
[EventCountry "GER"]
[EventRounds "9"]
[EventType "swiss"]
[EventDate "2003.06.07"]

1. d4 Nf6 2. c4 g6 3. Nc3 d5 4. Bf4 Bg7 5. e3 O-O 6. Rc1 dxc4 7. Bxc4 c5 8.
dxc5 Qa5 9. Nge2 Qxc5 10. Qb3 Qa5 11. O-O Na6 12. h3 e5 13. Bh2 Nd7 14. Nd5
Ndc5 15. Qc3 Qxc3 16. Nexc3 Be6 17. a3 Nc7 18. Rfd1 Nxd5 19. Nxd5 Rfd8 20. b4
Na4 21. e4 Nb2 22. Rd2 Nxc4 23. Rxc4 Rd7 24. Bg3 f6 25. Rc3 Kf7 26. Rdc2 Bxd5
27. exd5 Rad8 28. f3 Rxd5 29. Rc7+ R5d7 30. Bf2 a6 31. Bb6 Ke7 32. R7c3 Rd1+
33. Kh2 R8d7 34. Kg3 Bh6 35. Be3 Bxe3 36. Rxe3 R1d3 37. Rxd3 Rxd3 38. Rc7+ Rd7
39. Rc8 Ke6 40. h4 Kf5 41. Rf8 h5 42. Re8 Rd3 43. Ra8 Rxa3 44. b5 Ra5 0-1

[Event "DEM U18 2003"]
[Site "Willingen GER"]
[Date "2003.06.10"]
[Round "5"]
[White "Zaragatski, Ilja"]
[Black "Gasthofer, Alexander"]
[Result "1/2-1/2"]
[Termination "normal"]
[Board "2"]
[WhiteElo "2336"]
[BlackElo "2316"]
[PlyCount "83"]
[WhiteFideId "4655192"]
[BlackFideId "4655150"]
[EventCountry "GER"]
[EventRounds "9"]
[EventType "swiss"]
[EventDate "2003.06.07"]

1. e4 e6 2. d4 d5 3. Nd2 c5 4. exd5 exd5 5. Ngf3 c4 6. b3 cxb3 7. axb3 Bb4 8.
Bb2 Ne7 9. Be2 O-O 10. O-O Nbc6 11. Ne5 Bd6 12. Ndf3 Bf5 13. c4 Ng6 14. Nxg6
Bxg6 15. Ne5 Be4 16. Bf3 Bxf3 17. Qxf3 Bxe5 18. dxe5 dxc4 19. bxc4 Qc7 20. Qc3
Rfd8 21. f4 Qb6+ 22. Kh1 Qb4 23. Rfd1 Qxc3 24. Bxc3 Rxd1+ 25. Rxd1 Rd8 26. Rd5
Kf8 27. g4 Rxd5 28. cxd5 Ne7 29. d6 Nd5 30. Bd2 b5 31. f5 b4 32. e6 fxe6 33.
fxe6 b3 34. d7 Ke7 35. Ba5 Nb6 36. Bb4+ Kd8 37. Bc3 Nd5 38. Bxg7 a5 39. g5 a4
40. Bb2 a3 41. Bxa3 Nf4 42. h4 1/2-1/2

[Event "DEM U18 2003"]
[Site "Willingen GER"]
[Date "2003.06.10"]
[Round "5"]
[White "Schlichthaar, Robert"]
[Black "Boguslavskyy, Oleg"]
[Result "0-1"]
[Termination "normal"]
[Board "3"]
[WhiteElo "2190"]
[BlackElo "2299"]
[PlyCount "64"]
[WhiteFideId "4672763"]
[BlackFideId "14113929"]
[EventCountry "GER"]
[EventRounds "9"]
[EventType "swiss"]
[EventDate "2003.06.07"]

1. e4 e5 2. Nf3 Nc6 3. Bb5 a6 4. Bxc6 dxc6 5. O-O f6 6. d4 exd4 7. Nxd4 c5 8.
Ne2 Qxd1 9. Rxd1 Bd7 10. Nbc3 O-O-O 11. Bf4 Ne7 12. Rd2 Bc6 13. Rxd8+ Kxd8 14.
Rd1+ Kc8 15. Bg3 g5 16. Nd5 Nxd5 17. exd5 Bd7 18. Nc3 Bf5 19. Rd2 Bd6 20. f3
Re8 21. Ne2 Kd7 22. Kf2 b5 23. b3 Bg6 24. Nc1 h5 25. c4 bxc4 26. bxc4 Rb8 27.
Bxd6 cxd6 28. Nb3 Rb4 29. Re2 Rxc4 30. Re6 Rc2+ 31. Kg1 Bf7 32. Rxf6 Bxd5 0-1

[Event "DEM U18 2003"]
[Site "Willingen GER"]
[Date "2003.06.10"]
[Round "5"]
[White "Rau, Hannes"]
[Black "Bindrich, Falko"]
[Result "0-1"]
[Termination "normal"]
[Board "4"]
[WhiteElo "2348"]
[BlackElo "2284"]
[PlyCount "204"]
[WhiteFideId "4657594"]
[BlackFideId "4676670"]
[EventCountry "GER"]
[EventRounds "9"]
[EventType "swiss"]
[EventDate "2003.06.07"]

1. d4 Nf6 2. c4 e6 3. Nc3 Bb4 4. e3 b6 5. Bd3 Bb7 6. Nf3 Ne4 7. Qc2 Bxc3+ 8.
bxc3 f5 9. O-O O-O 10. Nd2 Qh4 11. f3 Nxd2 12. Bxd2 d6 13. Qb3 Qe7 14. a4 Nd7
15. a5 Kh8 16. Ra2 e5 17. axb6 axb6 18. Rxa8 Bxa8 19. Be2 Nb8 20. Ra1 Nc6 21.
Bf1 Na5 22. Qb5 Qe8 23. Ra3 Qxb5 24. cxb5 Bd5 25. Ra4 Bb3 26. Rb4 exd4 27. Rxd4
Be6 28. Be1 Kg8 29. Ra4 Bb3 30. Rb4 Bf7 31. Kf2 Rc8 32. Kg3 Kf8 33. Kf4 Be6 34.
Bd3 Ke7 35. Kg5 Rf8 36. Rh4 Nb3 37. Rxh7 Kf7 38. Rh4 Ke7 39. Kg6 Nc5 40. Bc2
Nd7 41. Bg3 Bf7+ 42. Kg5 g6 43. e4 fxe4 44. Rxe4+ Kd8 45. Ra4 Ke7 46. Ra7 Rc8
47. Bf2 Rh8 48. Kf4 Rxh2 49. Kg3 Rh5 50. Rxc7 Rxb5 51. Ba4 Rg5+ 52. Kh2 Rh5+
53. Kg1 Be6 54. Bxb6 Rh4 55. g4 Rh8 56. Bd4 Ra8 57. Bc6 Ra2 58. Be4 Bf7 59. f4
d5 60. Bd3 Rd2 61. Bb5 Be6 62. g5 Bf5 63. Ra7 Rb2 64. Bf1 Rc2 65. Bg2 Be6 66.
Kh2 Rd2 67. Kg3 Rd3+ 68. Kf2 Rd2+ 69. Kf1 Rb2 70. Bf3 Kd6 71. Ra6+ Ke7 72. Ke1
Rb1+ 73. Kd2 Rf1 74. Ke2 Rb1 75. Ke3 Re1+ 76. Kf2 Rb1 77. Be2 Bf5 78. Ke3 Re1
79. Kd2 Rb1 80. Bd3 Rb2+ 81. Kc1 Bxd3 82. Bf6+ Kf7 83. Rd6 Rb1+ 84. Kd2 Bf5 85.
Rxd5 Nxf6 86. gxf6 Kxf6 87. Rd6+ Ke7 88. Rd4 Rb6 89. Ra4 Kd6 90. Ra5 Kc6 91. c4
Rb3 92. Ke2 Rc3 93. Kf2 Rxc4 94. Kg3 Rc1 95. Re5 Rg1+ 96. Kf3 Kd6 97. Ra5 Ke6
98. Re5+ Kf6 99. Ra5 Rb1 100. Ra6+ Kg7 101. Ra7+ Kh6 102. Ra2 Rb3+ 0-1

[Event "DEM U18 2003"]
[Site "Willingen GER"]
[Date "2003.06.10"]
[Round "5"]
[White "Seifert, Volker"]
[Black "Döhn, Raphael"]
[Result "1-0"]
[Termination "normal"]
[Board "5"]
[WhiteElo "2319"]
[BlackElo "2009"]
[PlyCount "49"]
[WhiteFideId "4658060"]
[BlackFideId "4695291"]
[EventCountry "GER"]
[EventRounds "9"]
[EventType "swiss"]
[EventDate "2003.06.07"]

1. d4 Nf6 2. c4 c5 3. d5 b5 4. cxb5 a6 5. f3 d6 6. e4 g6 7. Nc3 Bg7 8. bxa6 O-O
9. Bb5 Bxa6 10. Nge2 Nbd7 11. O-O Qb6 12. Bxa6 Rxa6 13. Kh1 c4 14. Rb1 Nc5 15.
Be3 Nfd7 16. Qd2 Rfa8 17. Nd4 Ne5 18. h3 Ned3 19. Nc6 Qc7 20. b3 Bxc3 21. Qxc3
Rxa2 22. Qxc4 Re2 23. Ra1 Rxa1 24. Rxa1 Qb7 25. Bxc5 1-0

[Event "DEM U18 2003"]
[Site "Willingen GER"]
[Date "2003.06.10"]
[Round "5"]
[White "Kosak, Michael"]
[Black "Koch, Moritz"]
[Result "1/2-1/2"]
[Termination "normal"]
[Board "6"]
[WhiteElo "1959"]
[BlackElo "2213"]
[PlyCount "79"]
[BlackFideId "4678460"]
[EventCountry "GER"]
[EventRounds "9"]
[EventType "swiss"]
[EventDate "2003.06.07"]

1. e4 c5 2. Nf3 e6 3. c4 Nc6 4. Nc3 Nd4 5. Be2 d6 6. O-O Ne7 7. Nxd4 cxd4 8.
Nb5 Nc6 9. d3 g6 10. f4 Bg7 11. Bg4 a6 12. Na3 O-O 13. Bd2 f5 14. exf5 gxf5 15.
Bf3 Rb8 16. b4 Ne7 17. Rc1 Bd7 18. Qb3 Kh8 19. b5 Qc7 20. Nb1 Nc8 21. a4 a5 22.
Rce1 b6 23. Bc1 Ne7 24. Ba3 Rg8 25. Bd5 exd5 26. Rxe7 Bf8 27. Re2 Re8 28. Rfe1
Bg7 29. Nd2 Re3 30. Rxe3 dxe3 31. Rxe3 Re8 32. Rxe8+ Bxe8 33. Bb2 Qc5+ 34. Kf1
Qe3 35. Bxg7+ Kxg7 36. Nf3 Bh5 37. Qb2+ Kg6 38. Qe2 Qxf4 39. Qe8+ Kh6 40. Qf8+
1/2-1/2

[Event "DEM U18 2003"]
[Site "Willingen GER"]
[Date "2003.06.10"]
[Round "5"]
[White "Fiebig, Thomas"]
[Black "Kühner, Christian"]
[Result "1/2-1/2"]
[Termination "normal"]
[Board "7"]
[WhiteElo "2255"]
[BlackElo "2184"]
[PlyCount "126"]
[WhiteFideId "4693922"]
[BlackFideId "4679440"]
[EventCountry "GER"]
[EventRounds "9"]
[EventType "swiss"]
[EventDate "2003.06.07"]

1. e4 c5 2. c3 Nf6 3. e5 Nd5 4. d4 cxd4 5. Nf3 Nc6 6. Bc4 Nb6 7. Bb3 d6 8. cxd4
dxe5 9. d5 Na5 10. Nc3 Nxb3 11. Qxb3 e6 12. dxe6 Bxe6 13. Qb5+ Qd7 14. Qxe5 Bd6
15. Qg5 O-O 16. O-O Be7 17. Qg3 Rfd8 18. Bg5 f6 19. Bh6 Bd6 20. Bf4 Bxf4 21.
Qxf4 Nd5 22. Nxd5 Qxd5 23. h4 Qf5 24. Qxf5 Bxf5 25. Rfd1 Bg4 26. Rac1 Rxd1+ 27.
Rxd1 Rc8 28. Rd2 Bxf3 29. gxf3 Rc7 30. Kg2 Kf7 31. Kg3 Ke6 32. Kg4 Rc5 33. f4
h5+ 34. Kf3 a5 35. Re2+ Kf5 36. Kg3 b5 37. a3 b4 38. axb4 axb4 39. f3 Rc4 40.
Re7 Rc2 41. Rxg7 Rxb2 42. Rb7 b3 43. Rb5+ Kg6 44. f5+ Kf7 45. Kf4 Ke7 46. Rb6
Rb1 47. Re6+ Kf7 48. Rb6 b2 49. Rb7+ Ke8 50. Rb8+ Kd7 51. Rb7+ Kc6 52. Rb3 Kc5
53. Rb8 Kc4 54. Rc8+ Kd3 55. Rb8 Ke2 56. Rb6 Kf2 57. Rxf6 Rg1 58. Rb6 b1=Q 59.
Rxb1 Rxb1 60. f6 Rb3 61. Kg5 Rxf3 62. Kxh5 Rxf6 63. Kg5 Rb6 1/2-1/2

[Event "DEM U18 2003"]
[Site "Willingen GER"]
[Date "2003.06.10"]
[Round "5"]
[White "Holzschuh, Stephan"]
[Black "Meinhardt, Maximilian"]
[Result "1-0"]
[Termination "normal"]
[Board "8"]
[WhiteElo "2107"]
[BlackElo "2225"]
[PlyCount "70"]
[WhiteFideId "4677471"]
[BlackFideId "4668766"]
[EventCountry "GER"]
[EventRounds "9"]
[EventType "swiss"]
[EventDate "2003.06.07"]

1. e4 e6 2. d4 d5 3. e5 c5 4. c3 Qb6 5. Nf3 Nc6 6. a3 Nh6 7. b4 cxd4 8. cxd4
Nf5 9. Bb2 a5 10. g4 Nh6 11. g5 Nf5 12. b5 a4 13. Ra2 Nb8 14. Nc3 Be7 15. Nxa4
Qd8 16. Bd3 Nd7 17. Rg1 Qa5+ 18. Nc3 Nb6 19. Qb3 Bd7 20. Kf1 Rc8 21. Kg2 h6 22.
gxh6 Rxh6 23. Ne2 Nc4 24. a4 Nd2 25. Nxd2 Qxd2 26. Bc1 Rg6+ 27. Kh3 Qxe2 28.
Rxe2 Rxg1 29. Be3 Bc5 30. Bxf5 exf5 31. f4 Rg4 32. Rg2 Ke7 33. Rxg4 fxg4+ 34.
Kg2 Bb6 35. a5 Bd8 1-0

[Event "DEM U18 2003"]
[Site "Willingen GER"]
[Date "2003.06.10"]
[Round "5"]
[White "Lubbe, Nikolas"]
[Black "Grieger, Thomas"]
[Result "1/2-1/2"]
[Termination "normal"]
[Board "10"]
[WhiteElo "2127"]
[BlackElo "2044"]
[PlyCount "52"]
[WhiteFideId "4694031"]
[BlackFideId "4686616"]
[EventCountry "GER"]
[EventRounds "9"]
[EventType "swiss"]
[EventDate "2003.06.07"]

1. e4 e6 2. d4 d5 3. Nd2 Nf6 4. e5 Nfd7 5. c3 c5 6. f4 Nc6 7. Ndf3 Qb6 8. g3
cxd4 9. cxd4 Bb4+ 10. Kf2 g5 11. fxg5 Ndxe5 12. Nxe5 Nxe5 13. Kg2 Nc4 14. a3
Be7 15. b3 Na5 16. b4 Nc4 17. Nf3 a5 18. bxa5 Rxa5 19. a4 Bd7 20. h4 Qa7 21.
Bxc4 dxc4 22. Rf1 Rxa4 23. Bb2 Rxa1 24. Bxa1 Rf8 25. Ne5 b5 26. Qh5 Kd8 1/2-1/2

[Event "DEM U18 2003"]
[Site "Willingen GER"]
[Date "2003.06.10"]
[Round "5"]
[White "Opitz, Alexander"]
[Black "Pinchuk, Boris"]
[Result "1-0"]
[Termination "normal"]
[Board "11"]
[WhiteElo "2057"]
[BlackElo "1961"]
[PlyCount "21"]
[EventCountry "GER"]
[EventRounds "9"]
[EventType "swiss"]
[EventDate "2003.06.07"]

1. e4 c5 2. c3 d5 3. exd5 Qxd5 4. d4 cxd4 5. cxd4 Nc6 6. Nf3 Bg4 7. Nc3 Qa5 8.
d5 Rd8 9. Bd2 Nb8 10. Nb5 Qb6 11. Qa4 1-0

[Event "DEM U18 2003"]
[Site "Willingen GER"]
[Date "2003.06.10"]
[Round "5"]
[White "Rezasade, Amir"]
[Black "Rehfeldt, Frank"]
[Result "1-0"]
[Termination "normal"]
[Board "12"]
[WhiteElo "2103"]
[BlackElo "1922"]
[PlyCount "61"]
[WhiteFideId "4692950"]
[EventCountry "GER"]
[EventRounds "9"]
[EventType "swiss"]
[EventDate "2003.06.07"]

1. d4 d5 2. c4 c6 3. Nf3 Nf6 4. Nc3 a6 5. e3 b5 6. b3 Bg4 7. Be2 Nbd7 8. Bb2 e6
9. O-O Be7 10. h3 Bf5 11. Bd3 Bg6 12. Bxg6 hxg6 13. Ne5 Nxe5 14. dxe5 Nd7 15.
cxd5 cxd5 16. Ne2 O-O 17. f4 Qb6 18. Kh2 Qb7 19. Ng3 Rac8 20. Bd4 Rc7 21. Qg4
Rfc8 22. h4 Rc2 23. h5 Nf8 24. h6 gxh6 25. f5 exf5 26. Nxf5 Kh7 27. Qh3 Ne6 28.
Nxh6 Ng5 29. Rxf7+ Nxf7 30. Nxf7+ Kg8 31. e6 1-0

[Event "DEM U18 2003"]
[Site "Willingen GER"]
[Date "2003.06.10"]
[Round "5"]
[White "Suchin, Dimitry"]
[Black "Nazarenus, Moritz"]
[Result "1-0"]
[Termination "normal"]
[Board "14"]
[WhiteElo "2043"]
[BlackElo "2117"]
[PlyCount "124"]
[WhiteFideId "4671015"]
[BlackFideId "4670540"]
[EventCountry "GER"]
[EventRounds "9"]
[EventType "swiss"]
[EventDate "2003.06.07"]

1. d4 d5 2. c4 e6 3. Nc3 c6 4. cxd5 exd5 5. Nf3 Bf5 6. Bf4 Bd6 7. Bg3 Nf6 8. e3
O-O 9. Bd3 Bg6 10. Qc2 Re8 11. O-O Bxg3 12. hxg3 Nbd7 13. Bxg6 hxg6 14. Rfe1
Qe7 15. Rab1 Rec8 16. b4 b5 17. Qb2 Nb6 18. Ne5 Nfd7 19. Nxd7 Qxd7 20. a4 a6
21. a5 Nc4 22. Qe2 Re8 23. Nd1 Qd6 24. Rb3 f6 25. Nb2 Kf7 26. Nd3 Rh8 27. Nc5
Rh5 28. Qc2 Qd8 29. Kf1 Qc8 30. f3 Qh8 31. Kf2 Rh2 32. Rg1 Qh6 33. Qc1 g5 34.
Qc2 Qg6 35. Qxg6+ Kxg6 36. Rbb1 Rhh8 37. Rh1 Rhe8 38. Rhe1 Kf7 39. Rbc1 f5 40.
Nd3 Rac8 41. Re2 Kf6 42. Rce1 Nd6 43. Nc5 Ra8 44. Nd7+ Ke7 45. Ne5 Rac8 46. g4
fxg4 47. Nxg4 Kd7 48. Rh1 Rh8 49. Ne5+ Kc7 50. Ree1 Nf5 51. Nf7 Rxh1 52. Rxh1
g4 53. Rh5 Nd6 54. Nxd6 Kxd6 55. fxg4 g6 56. Rh7 Rf8+ 57. Ke2 Rg8 58. g5 Ke6
59. Ra7 Rh8 60. Rc7 Kd6 61. Rg7 Rh1 62. Rxg6+ Kc7 1-0

[Event "DEM U18 2003"]
[Site "Willingen GER"]
[Date "2003.06.11"]
[Round "6"]
[White "Braun, Arik"]
[Black "Seifert, Volker"]
[Result "1/2-1/2"]
[Termination "normal"]
[Board "1"]
[WhiteElo "2324"]
[BlackElo "2319"]
[PlyCount "47"]
[WhiteFideId "4663527"]
[BlackFideId "4658060"]
[EventCountry "GER"]
[EventRounds "9"]
[EventType "swiss"]
[EventDate "2003.06.07"]

1. d4 e6 2. c4 Nf6 3. Nc3 Bb4 4. e3 c5 5. Bd3 O-O 6. Nf3 d5 7. O-O Nbd7 8. cxd5
exd5 9. a3 Bxc3 10. bxc3 b6 11. Re1 Bb7 12. a4 Qc7 13. Nh4 g6 14. f3 Rfe8 15.
Ra2 Nf8 16. Rae2 Ne6 17. Bb2 Rad8 18. Qa1 Qc8 19. a5 Qc7 20. g3 Ng5 21. Bc1 h6
22. Qb1 Re6 23. Rb2 Rde8 24. Bd2 1/2-1/2

[Event "DEM U18 2003"]
[Site "Willingen GER"]
[Date "2003.06.11"]
[Round "6"]
[White "Boguslavskyy, Oleg"]
[Black "Zaragatski, Ilja"]
[Result "0-1"]
[Termination "normal"]
[Board "2"]
[WhiteElo "2299"]
[BlackElo "2336"]
[PlyCount "96"]
[WhiteFideId "14113929"]
[BlackFideId "4655192"]
[EventCountry "GER"]
[EventRounds "9"]
[EventType "swiss"]
[EventDate "2003.06.07"]

1. e4 e6 2. d4 d5 3. Nc3 Nf6 4. e5 Nfd7 5. f4 c5 6. Nf3 Nc6 7. Be3 a6 8. Qd2 b5
9. a3 Qb6 10. Ne2 a5 11. c3 Ba6 12. dxc5 Bxc5 13. Ned4 b4 14. Bxa6 Rxa6 15. Qd3
bxa3 16. bxa3 Nxd4 17. Bxd4 Bxd4 18. cxd4 O-O 19. Ng5 g6 20. h4 Qb2 21. O-O Rc6
22. Rab1 Qc3 23. Qxc3 Rxc3 24. Rb7 Nb8 25. Rfb1 Nc6 26. Rc7 Nxd4 27. Rxc3 Ne2+
28. Kf2 Nxc3 29. Rb7 h6 30. Nf3 Ne4+ 31. Kg1 Rc8 32. Ra7 Rc1+ 33. Kh2 Rc5 34.
Nd4 Nc3 35. Nb3 Rc4 36. Rxa5 Rxf4 37. Nc5 Rxh4+ 38. Kg3 Rc4 39. Nd7 Ra4 40.
Rxa4 Nxa4 41. Kf3 Kg7 42. Ke3 h5 43. Kd2 g5 44. Kc2 h4 45. Kb3 g4 46. Nf6 Nc5+
47. Kc2 h3 48. gxh3 gxh3 0-1

[Event "DEM U18 2003"]
[Site "Willingen GER"]
[Date "2003.06.11"]
[Round "6"]
[White "Gasthofer, Alexander"]
[Black "Schaffer, Hendrik"]
[Result "1-0"]
[Termination "normal"]
[Board "3"]
[WhiteElo "2316"]
[BlackElo "2191"]
[PlyCount "79"]
[WhiteFideId "4655150"]
[BlackFideId "4663080"]
[EventCountry "GER"]
[EventRounds "9"]
[EventType "swiss"]
[EventDate "2003.06.07"]

1. Nf3 Nf6 2. g3 g6 3. c4 Bg7 4. Bg2 O-O 5. d4 d6 6. O-O c6 7. Nc3 Qa5 8. e4
Bg4 9. h3 Bxf3 10. Bxf3 Nfd7 11. Rb1 c5 12. d5 Na6 13. Be2 Rab8 14. Bd2 Qd8 15.
Be3 Qa5 16. Qd2 Rfe8 17. Kg2 Nc7 18. f4 a6 19. a4 Nb6 20. Qc2 Qb4 21. Bf2 Bxc3
22. bxc3 Qxa4 23. Qd3 Nc8 24. Ra1 Qd7 25. f5 Kg7 26. Be3 Rh8 27. Qd2 Qe8 28.
Bh6+ Kg8 29. f6 exf6 30. Rxf6 Qxe4+ 31. Kh2 Ne8 32. Rf4 Qe7 33. Raf1 f5 34.
Rxf5 gxf5 35. Rxf5 Ng7 36. Rg5 Nb6 37. Rxg7+ Qxg7 38. Bxg7 Kxg7 39. Qg5+ Kf7
40. Bh5+ 1-0

[Event "DEM U18 2003"]
[Site "Willingen GER"]
[Date "2003.06.11"]
[Round "6"]
[White "Bindrich, Falko"]
[Black "Holzschuh, Stephan"]
[Result "1/2-1/2"]
[Termination "normal"]
[Board "4"]
[WhiteElo "2284"]
[BlackElo "2107"]
[PlyCount "45"]
[WhiteFideId "4676670"]
[BlackFideId "4677471"]
[EventCountry "GER"]
[EventRounds "9"]
[EventType "swiss"]
[EventDate "2003.06.07"]

1. e4 d5 2. exd5 Qxd5 3. Nc3 Qa5 4. d4 Nf6 5. Bc4 Bg4 6. Nge2 Nbd7 7. f3 Bf5 8.
Bd2 Qb6 9. Bb3 c6 10. O-O e6 11. Bf4 Be7 12. Kh1 O-O 13. Qe1 Bg6 14. Rd1 Nd5
15. Bd2 Nxc3 16. Nxc3 Rfe8 17. Qg3 Nf6 18. Ne2 Rad8 19. Qf2 h6 20. Qe1 Qc7 21.
Bf4 Bd6 22. Qh4 Nd5 23. Bxd6 1/2-1/2

[Event "DEM U18 2003"]
[Site "Willingen GER"]
[Date "2003.06.11"]
[Round "6"]
[White "Hort, Alexej"]
[Black "Schlichthaar, Robert"]
[Result "1/2-1/2"]
[Termination "normal"]
[Board "5"]
[WhiteElo "2015"]
[BlackElo "2190"]
[PlyCount "96"]
[WhiteFideId "4678125"]
[BlackFideId "4672763"]
[EventCountry "GER"]
[EventRounds "9"]
[EventType "swiss"]
[EventDate "2003.06.07"]

1. c4 Nf6 2. Nc3 g6 3. g3 Bg7 4. Bg2 O-O 5. e4 d6 6. Nge2 c5 7. O-O Nc6 8. a3
Bd7 9. Rb1 a5 10. d3 Ng4 11. h3 Nh6 12. Be3 f5 13. Qd2 Nf7 14. f4 e5 15. Nd5
Nd4 16. Nxd4 cxd4 17. Bf2 fxe4 18. dxe4 Bc6 19. Qd3 Bxd5 20. cxd5 Rc8 21. Be1
exf4 22. gxf4 g5 23. f5 Ne5 24. Qd1 Nc4 25. Bf2 Ne3 26. Bxe3 dxe3 27. Qe2 Qb6
28. b4 a4 29. Rbc1 Be5 30. Kh1 Kh8 31. Bf3 Rg8 32. Rc2 Rc3 33. Rxc3 Bxc3 34.
Rc1 Bd2 35. Rc4 Qd8 36. Qd3 Qf6 37. Rc7 Qe5 38. b5 b6 39. Qc4 Be1 40. Qd3 Bd2
41. Kg2 Re8 42. Bh5 Qf4 43. Qd4+ Re5 44. Qxb6 Re8 45. Qd4+ Qe5 46. Qd3 Qxf5 47.
exf5 Re7 48. Qe4 Rxe4 1/2-1/2

[Event "DEM U18 2003"]
[Site "Willingen GER"]
[Date "2003.06.11"]
[Round "6"]
[White "Kosak, Michael"]
[Black "Rau, Hannes"]
[Result "0-1"]
[Termination "normal"]
[Board "6"]
[WhiteElo "1959"]
[BlackElo "2348"]
[PlyCount "98"]
[BlackFideId "4657594"]
[EventCountry "GER"]
[EventRounds "9"]
[EventType "swiss"]
[EventDate "2003.06.07"]

1. e4 c5 2. Nf3 d6 3. d4 cxd4 4. Qxd4 Nc6 5. Bb5 Bd7 6. Bxc6 Bxc6 7. Nc3 Nf6 8.
Bg5 e6 9. O-O-O Be7 10. Rhe1 O-O 11. Kb1 Qa5 12. Qd2 Kh8 13. Nd4 Rac8 14. f3
Rfd8 15. h4 Be8 16. g4 Rc4 17. Qd3 Rdc8 18. Nce2 Qc7 19. Rc1 b5 20. Rg1 b4 21.
Bxf6 Bxf6 22. g5 Bxd4 23. Nxd4 Qb6 24. Rcd1 Ba4 25. Rg2 e5 26. Nb3 Bxb3 27.
Qxb3 g6 28. Rgd2 R8c6 29. h5 gxh5 30. Rh2 Kg8 31. Rxh5 Qf2 32. Rdh1 Qxc2+ 33.
Qxc2 Rxc2 34. R5h2 Rxh2 35. Rxh2 Kg7 36. Rh6 a5 37. Rf6 Kf8 38. Rh6 Kg8 39. Rf6
Kg7 40. b3 h5 41. Rh6 Rc3 42. Rxd6 Rxf3 43. Rh6 Rh3 44. Kc2 h4 45. Kd2 Rh2+ 46.
Kd3 h3 47. Kc4 Rc2+ 48. Kb5 h2 49. Kxa5 f6 0-1

[Event "DEM U18 2003"]
[Site "Willingen GER"]
[Date "2003.06.11"]
[Round "6"]
[White "Döhn, Raphael"]
[Black "Fiebig, Thomas"]
[Result "1/2-1/2"]
[Termination "normal"]
[Board "7"]
[WhiteElo "2009"]
[BlackElo "2255"]
[PlyCount "45"]
[WhiteFideId "4695291"]
[BlackFideId "4693922"]
[EventCountry "GER"]
[EventRounds "9"]
[EventType "swiss"]
[EventDate "2003.06.07"]

1. e4 e6 2. d4 d5 3. Nc3 Nf6 4. Bg5 Bb4 5. e5 h6 6. Bd2 Bxc3 7. Bxc3 Ne4 8. Ne2
c5 9. dxc5 Nxc3 10. Nxc3 Qa5 11. Qd2 a6 12. f4 Nd7 13. Bd3 Nxc5 14. a3 Bd7 15.
O-O Nxd3 16. cxd3 O-O 17. d4 Rae8 18. Rf3 f6 19. exf6 Rxf6 20. Rf2 Qb6 21. Rc1
Ref8 22. Ne2 Bb5 23. g3 1/2-1/2